00725nam a2200193 i 4500001000700000003000900007005001700016007000300033008004100036080003000077100003200107245013400139260003400273300002200307700002900329852003200358999001900390952012200409134904ES-MaACL20230906194752.0t|070703s1963 sp ||||1| spa d a92(Sauerbruch, Ferdinand)1 aThorwald, Jürgen.911016010aCuando la mano tiembla b: el trágico fin de un gran cirujano /cJürgen Thorwald ; [versión española de Javier García]. aBarcelona : bArgos, c[1963] a189 p. ; c24 cm.1 aGarcía, Javier.954038 aES-MaACLjC-23610 bR.52219 c134904d134904 00104070aATENEOMbATENEOMcDEPO2d2008-01-17eSCl0oC-23610p1140416r2023-02-23 00:00:00w2023-02-23yMONOGRAFIA